mysqli: Table './ulib62015/stat_globaluid' is marked as crashed and should be repaired
select id from stat_globaluid where statuid='20260518034913_834'
mysqli: Table './ulib62015/stat_globaluid' is marked as crashed and should be repaired
DELETE FROM stat_globaluid
WHERE id NOT IN (
SELECT id
FROM (
SELECT id
FROM stat_globaluid
ORDER BY id DESC
LIMIT 100
) foo
);
mysqli: Table './ulib62015/stat_globaluid' is marked as crashed and should be repaired
insert into stat_globaluid set
statuid='20260518034913_834',
dt='1779050953',
phpself='/ULIB62015/dublinfull.php',
agent='Mozilla/5.0 AppleWebKit/537.36 (KHTML, like Gecko; compatible; ClaudeBot/1.0; +claudebot@anthropic.com)',
yea='2026',
mon='5',
dat='18',
ip='216.73.216.45'
mysqli: Table './ulib62015/stathist_viewbib_bib_type' is marked as crashed and should be repaired
insert into stathist_viewbib_bib_type set
dat='18' ,
mon='05' ,
yea='2026' ,
statuid='20260518034913_834' ,
head='13399120729' ,
foot='marc' ,
dt='1779050953'
| LEADER : 00000nam 2200000uu 4500 |
| 001 13399120729 |
| 003 ULIB |
| 008 020711s2554 th a 000 0 tha d |
| 020 ^a9789744842589
|
| 099 ^aนว^bช161ว
|
| 100 ^aชบาบาน
|
| 245 ^aแว้งที่รัก/^cชบาบาน
|
| 250 ^aพิมพ์ครั้งที่ 2
|
| 260 ^aกรุงเทพฯ :^bสารคดี,^c2554
|
| 300 ^a287 หน้า :^bภาพประกอบ;^c19 ซม.
|
| 650 ^aวรรณกรรมสำหรับเด็ก
|
| 650 0 ^aแว้ง^xความเป็นอยู่และประเพณี
|
| 650 0 ^aนราธิวาส^xความเป็นอยู่และประเพณี
|
| 945 ^p240^l0^i020807 |
| 999 ^aอริศรา หะยีเด
|
| คุณยังไม่ได้ล็อกอิน คุณสามารถมีกิจกรรมร่วมกับเว็บไซต์ได้ แต่ต้องล็อกอินก่อน :: |
|
|
|
| ลำดับที่ |
ประเภท |
เลขเรียก/บาร์โค้ด |
สถานที่ |
สถานะ |
| 1. |
 หนังสือ | นว ช161ว 2554 Barcode: 020807 | หนังสือทั่วไป | บนชั้น ขอยืม |
รายการใกล้เคียง
หัวเรื่อง [วรรณกรรมสำหรับเด็ก]
|
|
ยังไม่เคยถูกคอมเมนท์
|
| คอมเมนท์ทรัพยากรรายการนี้ |
|